000 00895nam a2200265Ia 4500
003 OSt
005 20220923220839.0
006 a|||||r|||| 00| 0
007 ta
008 220922b |||||||| |||| 00| 0 hin d
024 _a191,259
037 _cTextual
040 _aARTS
_cARTS
_bhin
041 _2hin
_ahin
082 _aV1:19.N7, 152M7
100 _aवर्मा, दीनानाथ
_9156279
245 0 _aअन्तर्राष्ट्रीय सम्बन्ध
246 _aAntarrāṣhṭrīya sambandha
260 _aनई दिल्ली
_b ज्ञानदा प्रकाशन
_c1987
300 _a598पृ.
_ccm.
650 _a विश्व-इतिहास
650 _aविश्व-इतिहास
942 _hV1:19.N7, 152M7
_cTEXL
_2CC
999 _c343966
_d343966